Me Porto Bonito - Bad Bunny y Chencho Corleone - Estadísticas

Estadísticas generales
  • Esta prueba ha sido intentada 178 veces
  • La puntuación promedio es 225 de 352
Estadísticas de respuestas
Respuesta % Correcto
b
98%
tu
98%
o
96%
por
96%
y
95%
a
94%
bonito
94%
lo
94%
me
94%
porto
94%
yo
93%
que
92%
es
91%
la
91%
se
90%
si
90%
el
89%
en
88%
pa'
88%
pa
88%
u
88%
esta
87%
no
87%
un
85%
de
84%
pides
84%
ti
83%
rica
82%
vea
82%
eres
81%
estas
81%
las
80%
los
80%
quito
80%
te
80%
calle
77%
pero
77%
una
77%
suelto
76%
ando
75%
mundo
72%
perfume
72%
todo
70%
olor
69%
soy
69%
bebe
68%
ella
68%
ma'
68%
apretar
67%
bellaca
65%
bellaco
65%
nos
65%
une
65%
guagua
63%
eso
62%
sabe
61%
nota
60%
lunes
58%
viernes
57%
contigo
56%
tienen
56%
buenota
55%
selfie
55%
fuera
54%
otras
54%
foto
53%
le
53%
bebecita
52%
tengo
52%
gato
50%
vean
49%
frikitona
48%
quedo
48%
mami !
46%
mami
46%
subo
44%
gustan
43%
subiera
43%
bebezota
40%
presumen
40%
bota
38%
cuando
37%
ha
36%
mi
36%
novio
36%
sube
35%
ves
30%
sirve
29%
trios
28%
dime
27%
elite
27%
plan
27%
quiere
26%
hace
23%
mes
23%
hago
22%
quieres
21%
RBD
21%
dejaste
20%
donde
19%
pared
19%
resume
19%
(resume)
19%
limites
18%
perreo
18%
contenido
17%
2000
16%
ahora
15%
algo
15%
culo
15%
dame
15%
guau
15%
noche
15%
toda
15%
escuchaba
13%
ese
12%
zumbe
12%
mas
11%
rico
11%
va
11%
dejo
10%
traigo
10%
satelites
9%
pecho
8%
ver
8%
escondite
7%
hacerte
7%
uf
7%
amerite
6%
chingar
6%
dejame
6%
levite
6%
obsesiono
6%
seguido
6%
como
5%
dale
5%
interesa
5%
aqui
4%
dice
4%
les
4%
llegar
4%
mismo
4%
arisques
3%
complacido
3%
digo
3%
nadie
3%
paso
3%
fijo
2%
jangueando
2%
mai
2%
ninguna
2%
poder
2%
pone
2%
sale
2%
todas
2%
CDB
1%
confianza
1%
crees
1%
doy
1%
fin
1%
nuestra
1%
olvido
1%
siempre
1%
atreviesa
0%
bellaquera
0%
coinocido
0%
confiensa
0%
nunca
0%
sunelo
0%
No se encontraron pruebas coincidentes
Distribución de puntuación
Porcentaje de gente con cada puntuación
Porcentaje por número respondido
Historial de tus puntuaciones
No has intentado esta prueba.